000
00279nam a2200109Ia 4500
008
190911s9999||||xx |||||||||||||| ||und||
100
_a
We-Min Chow
245
0
_a
Assembly Line Design Methodology And Applications
260
_a
USA
_b
Mc Graw Hill
_c
1990
300
_a
430
942
_c
BK
999
_c
6874
_d
6874